Statistics for Kpop Stan Quiz (Easy/Barely Stan Ver.)

Click here to take the quiz!

General Stats

  • This quiz has been taken 407 times
  • The average score is 18 of 20

Answer Stats

QuestionAnswer% Correct
Which kpop group has the hit song, How You Like That?Blackpink
99%
Which kpop group has recently gone to the military in Korea under much protest from fans?Bts
98%
Which kpop group released their song Cupid shortly before suing their company, losing the lawsuit, and disbanding?Fifty Fifty
96%
Which kpop group is highly praised for its debut song, Bite Me, and includes one particular member frequently shipped with Wonyoung of Ive?Enhypen
93%
Which kpop group has the most hated kpop idol in 4th gen, Wonyoung, and can be recognized for their elegant concept?Ive
93%
Which kpop group contains two ex-iz*one members, Sakura and Chaewon, and lost their fellow member, Garam, in a bullying scandal?LE SSERAFIM
93%
Which kpop group produced the hit, Super Shy, and is the queen of the Y2k concept, which accounts for the majority of their popularity?New Jeans
93%
Which kpop group is infamously revered for their flop single, Sneakers, who, even their own fandom, clown it for sounding "outdated" and like a childrens tune?Itzy
92%
Which kpop group went viral for their debut song, Super, and confuses fans with its name, not corresponding with the number of members?Seventeen
92%
Which kpop group famously contains a backup dancer for bts, a hwang sibling, and two iconic aussies?Stray Kids
92%
Which kpop group has infinite drama, ranging from the lawsuit of the company, kicking of former member Chuu, and the eventual departure of the entire group from their company for reasons ranging between mistreatment and empty paychecks?Loona
91%
Which kpop group is heavily hated for their debut song, O.O., as well as the departure of one member and the absence of the kbs in some of the members?Nmixx
91%
Which kpop group surprises fans with their horror and girl crush concept, delighting audiences with hits like Psycho and Ice Cream Cake?Red Velvet
91%
Which kpop group is recognized for their hit single Sugar Rush Ride due to its fitting choreography and sexy concept?Txt
91%
Which kpop group is unique for its AI/futuristic concept and its stunning doll visuals?Aespa
90%
Which kpop group is known for their women empowerment concept as well as their bullying scandal, which got Soojin, now a soloist, kicked out of the group?(G) I-DLE
90%
Which kpop group is hated for their debut song, Wa Da Da, due to its meaningless lyrics, and has a member related to Huening Kai of Txt?Kep1er
89%
Which kpop group gained attention with their song Stereotype but has lately left the scene, despite their best efforts with their cutesy songs, Teddy Bear and ASAP?StayC
86%
Which kpop group was created by Produce 48, a survival show, and was successful, especially in their song, La Vie en Rose, before breaking up suddenly?Iz*One
85%
Which kpop group contains the member with the longest trainee period who started training at 8 years old, finally debuting 10 years later?Twice
80%

Score Distribution

Percentile by Number Answered

Percent of People with Each Score

Your Score History

You have not taken this quiz